000 00819nam a22002537a 4500
001 3866
003 FISKH
005 20240521085942.0
008 240520b cb ||||| |||| 00| 0 eng d
040 _aFISK
_beng
_cFISK
_dFISK
050 _aPZ7.M1464
082 _a813.54
100 _aMacDonald Betty
_d1907-1958
245 _aHello, Mrs. piggle-wiggle /
_cBetty MacDonald
260 _aNew York :
_bHarper Trophy,
_c1985
300 _a125 pages :
_billustrations,
_c20 cm
505 _aQ
520 _aA woman with a magic way of curing children's bad habits tries her hand with a bully, a whisperer, and a slowpoke and formulates cures for a show-off and a crybaby.
521 8 _a930
_bLexiles
521 8 _aQ
_bRaz-Plus
700 _aBetty MacDonald
942 _2ddc
_cBK
_n0
999 _c3866
_d3866